The politics of Brazilian development 1930-1954 / (Record no. 42209)
[ view plain ]
| 000 -LEADER | |
|---|---|
| fixed length control field | 00829nam a2200253 a 4500 |
| 001 - CONTROL NUMBER | |
| control field | 42209 |
| 003 - CONTROL NUMBER IDENTIFIER | |
| rucl marc code | BD-RjUL |
| 005 - DATE AND TIME OF LATEST TRANSACTION | |
| control field | 20211209053516.0 |
| 008 - FIXED-LENGTH DATA ELEMENTS--GENERAL INFORMATION | |
| fixed length control field | 160611s1970 cauba b 001 0 eng |
| 020 ## - INTERNATIONAL STANDARD BOOK NUMBER | |
| International Standard Book Number | 0804707103 |
| 035 ## - SYSTEM CONTROL NUMBER | |
| System control number | (BD-RjUL)42327 |
| 040 ## - CATALOGING SOURCE | |
| Original cataloging agency | DLC |
| Transcribing agency | DLC |
| Modifying agency | DLC |
| -- | BD-RjUL |
| Language of cataloging | eng |
| 041 ## - LANGUAGE CODE | |
| Language code of text/sound track or separate title | eng |
| 082 00 - DEWEY DECIMAL CLASSIFICATION NUMBER | |
| Classification number | 320.981 |
| Edition number | 23 |
| Author mark and year | WIP 1970 |
| 100 1# - MAIN ENTRY--PERSONAL NAME | |
| Personal name | Wirth, John D. |
| 9 (RLIN) | 129806 |
| 245 14 - TITLE STATEMENT | |
| Title | The politics of Brazilian development 1930-1954 / |
| Statement of responsibility, etc. | [by] John D. Wirth. |
| 260 ## - PUBLICATION, DISTRIBUTION, ETC. (IMPRINT) | |
| Place of publication, distribution, etc. | Stanford, Calif., |
| Name of publisher, distributor, etc. | Stanford University Press, |
| Date of publication, distribution, etc. | 1970. |
| 300 ## - PHYSICAL DESCRIPTION | |
| Pagination | viii, 278 p. : |
| Illustrations | ill ; |
| Size | 23 cm. |
| 504 ## - BIBLIOGRAPHY, ETC. NOTE | |
| Bibliography, etc | Bibliography: p. [260]-270. |
| 651 #0 - SUBJECT ADDED ENTRY--GEOGRAPHIC NAME | |
| Geographic name | Brazil |
| General subdivision | Economic policy. |
| 9 (RLIN) | 129807 |
| Geographic name | Brazil |
| General subdivision | Politics and government |
| Chronological subdivision | 1930-1945. |
| 9 (RLIN) | 129808 |
| Geographic name | Brazil |
| General subdivision | Politics and government |
| Chronological subdivision | 1945-1954. |
| 9 (RLIN) | 129809 |
| 942 ## - ADDED ENTRY ELEMENTS (KOHA) | |
| Source of classification or shelving scheme | Dewey Decimal Classification |
| Koha item type | Books |
| Lost status | Source of classification or shelving scheme | Damaged status | Not for loan | Collection code | Permanent Location | Current Location | Shelving location | Date acquired | Total Checkouts | Full call number | Date last seen | Copy number | Koha item type |
|---|---|---|---|---|---|---|---|---|---|---|---|---|---|
| Dewey Decimal Classification | Non-fiction | Central Library, University of Rajshahi | Central Library, University of Rajshahi | 05/08/1990 | 320.981 WIP 1970 | 11/06/2016 | C-2 | Books | |||||
| Dewey Decimal Classification | Non-fiction | Central Library, University of Rajshahi | Central Library, University of Rajshahi | 05/08/1990 | 320.981 WIP 1970 | 11/06/2016 | C-3 | Books |